00631nam a2200157 a 450000100100000000500170001000800410002704000250006808200140009324500570010726000770016430000350024104900090027695201710028599900170045600003282220200930065844.0110726s1938 dr ac 000 0 spa d aDO-SdBNPbspacBNPHU axxxxbI3500aInauguración del hospital militar profesor Marion. aCiudad Trujillo, República Dominicana :bImprenta la Opinión,c1938. a86 p. :bil., retrs. ;c22 cm. aBNPD 001050718RVaPDbPDcCTd2011-07-26iLF1l0oxxxx I35p32822-10r2020-06-25w2020-06-25y1zPerteneció a la biblioteca personal de Martínez Boog.ZNo se presta c32313d32313